000 00363nam a22001577a 4500
003 MPLRDC
005 20220104142943.0
008 210129b ||||| |||| 00| 0 eng d
082 _a857.9 LCY-108 v.1
100 _a柳残阳著
245 _a掌心刀. 上
_c
260 _a
_b四维出版社
_c
300 _b
650 _a
942 _cBK
_o857.9 LCY-108 v.1
999 _c35226
_d35216